[Event "GBR-ch71"]
[Site "Brighton"]
[Date "1984.08.09"]
[Round "10"]
[White "Buchanan, Walter F"]
[Black "James, Stephen C"]
[Result "1/2-1/2"]
[WhiteElo "2160"]
[BlackElo "2140"]
[PlyCount "36"]
[EventDate "1984.07.30"]
[EventType "swiss"]
[EventRounds "11"]
[EventCountry "GBR"]
[SourceTitle "BritBase"]
[Source "John Saunders"]
[SourceDate "2020.09.07"]
[SourceVersion "1"]
[SourceVersionDate "2020.09.07"]
[SourceQuality "2"]

1. e3 g6 2. c4 Bg7 3. Nc3 Nf6 4. d3 c5 5. Nf3 Nc6 6. Be2 O-O 7. O-O a6 8. Qc2
d6 9. Rd1 Qc7 10. a3 Rb8 11. Rb1 b5 12. Nd5 Nxd5 13. cxd5 Ne5 14. b4 Nd7 15.
Bb2 Bxb2 16. Qxb2 Nb6 17. e4 Na4 18. Qc2 Qb7 1/2-1/2

[Event "GBR-ch71"]
[Site "Brighton"]
[Date "1984.08.09"]
[Round "10"]
[White "Chandler, Murray G"]
[Black "Hodgson, Julian M"]
[Result "1-0"]
[WhiteElo "2540"]
[BlackElo "2450"]
[PlyCount "118"]
[EventDate "1984.07.30"]
[EventType "swiss"]
[EventRounds "11"]
[EventCountry "GBR"]
[SourceTitle "BritBase"]
[Source "John Saunders"]
[SourceDate "2020.09.07"]
[SourceVersion "1"]
[SourceVersionDate "2020.09.07"]
[SourceQuality "2"]

1. e4 c5 2. Nf3 d6 3. d4 cxd4 4. Nxd4 Nf6 5. Nc3 a6 6. Be3 e5 7. Nf3 Qc7 8. a4
h6 9. a5 Be6 10. Nd5 Bxd5 11. exd5 Nbd7 12. c4 Be7 13. Be2 Ng4 14. Bd2 Qc5 15.
O-O e4 16. b4 Qa7 17. Ne1 Nxf2 18. Rxf2 e3 19. Bxe3 Qxe3 20. Nc2 Qa7 21. Qd4
Qxd4 22. Nxd4 Bf6 23. Rd1 O-O 24. Bf3 Rfc8 25. Rc2 Bxd4+ 26. Rxd4 g6 27. Bg4 f5
28. Bf3 Rab8 29. c5 dxc5 30. Rdc4 Ne5 31. Rxc5 Rd8 32. Be2 b6 33. Rc6 bxa5 34.
bxa5 Nxc6 35. dxc6 Rdc8 36. Bxa6 Rc7 37. Bb7 Rbxb7 38. cxb7 Rxb7 39. Ra2 Kf7
40. a6 Ra7 41. Kf2 Ke6 42. Ke3 g5 43. Kd4 f4 44. Kc5 Ke5 45. Kb6 Ra8 46. Kb7
Rg8 47. a7 Ke4 48. a8=Q Rxa8 49. Rxa8 Ke3 50. Kc6 g4 51. Kd5 f3 52. gxf3 gxf3
53. Re8+ Kd2 54. Rf8 Ke2 55. h4 h5 56. Ke4 f2 57. Rf4 f1=N 58. Rxf1 Kxf1 59.
Kf4 Kf2 1-0

[Event "GBR-ch71"]
[Site "Brighton"]
[Date "1984.08.09"]
[Round "10"]
[White "Conquest, Stuart"]
[Black "Ravisekhar, Raja"]
[Result "0-1"]
[WhiteElo "2300"]
[BlackElo "2430"]
[PlyCount "44"]
[EventDate "1984.07.30"]
[EventType "swiss"]
[EventRounds "11"]
[EventCountry "GBR"]
[SourceTitle "BritBase"]
[Source "John Saunders"]
[SourceDate "2020.09.07"]
[SourceVersion "1"]
[SourceVersionDate "2020.09.07"]
[SourceQuality "2"]

1. d4 g6 2. c4 Bg7 3. Nc3 c5 4. d5 d6 5. Qc2 Nf6 6. Bg5 O-O 7. O-O-O a6 8. e4
b5 9. f3 Nbd7 10. g4 Ne5 11. h3 bxc4 12. h4 Rb8 13. h5 Qa5 14. hxg6 fxg6 15.
Be2 Bd7 16. Bh6 Bxh6+ 17. Rxh6 Rb4 18. a3 Rb3 19. Rh2 Rfb8 20. Bf1 Ba4 21. Nxa4
Qxa4 22. Ne2 Nd3+ 0-1

[Event "GBR-ch71"]
[Site "Brighton"]
[Date "1984.08.09"]
[Round "10"]
[White "Davies, Nigel Rodney"]
[Black "Ravikumar, Vaidyanathan"]
[Result "1/2-1/2"]
[WhiteElo "2340"]
[BlackElo "2385"]
[PlyCount "60"]
[EventDate "1984.07.30"]
[EventType "swiss"]
[EventRounds "11"]
[EventCountry "GBR"]
[SourceTitle "BritBase"]
[Source "John Saunders"]
[SourceDate "2020.09.07"]
[SourceVersion "1"]
[SourceVersionDate "2020.09.07"]
[SourceQuality "2"]

1. g3 Nf6 2. Bg2 d5 3. Nf3 e6 4. O-O Be7 5. d3 c5 6. Nbd2 Nc6 7. e4 b6 8. Re1
Bb7 9. c3 O-O 10. e5 Nd7 11. Nf1 b5 12. h4 a5 13. Bf4 a4 14. N1h2 c4 15. d4 a3
16. b4 cxb3 17. Qxb3 Ba6 18. Ng5 h6 19. Nh3 b4 20. Ng4 bxc3 21. Qxc3 Rc8 22.
Qe3 h5 23. Nh6+ gxh6 24. Bxh6 Nb4 25. Nf4 Kh7 26. Qf3 Kxh6 27. Qxh5+ Kg7 28.
Qg4+ Kh8 29. Qh5+ Kg7 30. Qg4+ Kh8 1/2-1/2

[Event "GBR-ch71"]
[Site "Brighton"]
[Date "1984.08.09"]
[Round "10"]
[White "Dawson, Craig R"]
[Black "Freeman, Richard CP"]
[Result "1-0"]
[WhiteElo "2300"]
[BlackElo "2095"]
[PlyCount "45"]
[EventDate "1984.07.30"]
[EventType "swiss"]
[EventRounds "11"]
[EventCountry "GBR"]
[SourceTitle "BritBase"]
[Source "John Saunders"]
[SourceDate "2020.09.07"]
[SourceVersion "1"]
[SourceVersionDate "2020.09.07"]
[SourceQuality "2"]

1. c4 Nf6 2. Nc3 c5 3. e4 Nc6 4. g3 e6 5. Bg2 a6 6. Nge2 Qc7 7. O-O Rb8 8. a4
b6 9. d4 cxd4 10. Nxd4 Bc5 11. Nxc6 dxc6 12. e5 Nd7 13. Bf4 O-O 14. Re1 f5 15.
exf6 e5 16. fxg7 Bxf2+ 17. Kxf2 Rf7 18. Kg1 Bb7 19. Bh6 Rd8 20. Qh5 Qd6 21. Ne4
Qd4+ 22. Kh1 c5 23. Rf1 1-0

[Event "GBR-ch71"]
[Site "Brighton"]
[Date "1984.08.09"]
[Round "10"]
[White "Dunnington, Angus J"]
[Black "Crouch, Colin S"]
[Result "1/2-1/2"]
[WhiteElo "2325"]
[BlackElo "2360"]
[PlyCount "32"]
[EventDate "1984.07.30"]
[EventType "swiss"]
[EventRounds "11"]
[EventCountry "GBR"]
[SourceTitle "BritBase"]
[Source "John Saunders"]
[SourceDate "2020.09.07"]
[SourceVersion "1"]
[SourceVersionDate "2020.09.07"]
[SourceQuality "2"]

1. Nf3 Nf6 2. g3 g6 3. Bg2 Bg7 4. O-O O-O 5. d4 e6 6. b3 b6 7. Ba3 Re8 8. Ne5
d5 9. Nd2 Bb7 10. e3 Nfd7 11. Bb2 c5 12. Rc1 Nc6 13. Nxc6 Bxc6 14. c4 cxd4 15.
Bxd4 Bxd4 16. exd4 Rc8 1/2-1/2

[Event "GBR-ch71"]
[Site "Brighton"]
[Date "1984.08.09"]
[Round "10"]
[White "Granat, Russell"]
[Black "Hjorth, Greg"]
[Result "0-1"]
[WhiteElo "2265"]
[BlackElo "2440"]
[PlyCount "54"]
[EventDate "1984.07.30"]
[EventType "swiss"]
[EventRounds "11"]
[EventCountry "GBR"]
[SourceTitle "BritBase"]
[Source "John Saunders"]
[SourceDate "2020.09.07"]
[SourceVersion "1"]
[SourceVersionDate "2020.09.07"]
[SourceQuality "2"]

1. e4 e6 2. d4 d5 3. exd5 exd5 4. Nf3 Nc6 5. c4 Bg4 6. Be2 Nf6 7. O-O Be7 8.
Nc3 O-O 9. Ne5 Bxe2 10. Nxe2 dxc4 11. Nxc4 Nd5 12. Ne5 Bf6 13. Nxc6 bxc6 14.
Nf4 Rb8 15. Nh5 Rb4 16. Qc2 Rxd4 17. Qxc6 Be5 18. Ng3 Rd3 19. Qb5 Rd4 20. Nf5
Re4 21. f3 c6 22. Qxc6 Re2 23. Qc4 Re8 24. Kh1 Bb8 25. Bh6 Nb6 26. Qg4 g6 27.
Rad1 Qxd1 0-1

[Event "GBR-ch71"]
[Site "Brighton"]
[Date "1984.08.09"]
[Round "10"]
[White "Hartston, William Roland"]
[Black "Mithrakanth, Poorna Sharma"]
[Result "0-1"]
[WhiteElo "2440"]
[BlackElo "2365"]
[PlyCount "86"]
[EventDate "1984.07.30"]
[EventType "swiss"]
[EventRounds "11"]
[EventCountry "GBR"]
[SourceTitle "BritBase"]
[Source "John Saunders"]
[SourceDate "2020.09.07"]
[SourceVersion "1"]
[SourceVersionDate "2020.09.07"]
[SourceQuality "2"]

1. e4 c5 2. Nf3 d6 3. d4 cxd4 4. Nxd4 Nf6 5. Nc3 a6 6. Be3 e5 7. Nb3 Be6 8. Qd2
Be7 9. f3 Nbd7 10. g4 O-O 11. g5 Nh5 12. O-O-O b5 13. Nd5 Bxd5 14. exd5 a5 15.
Bxb5 a4 16. Na1 Nb6 17. Kb1 f5 18. gxf6 Bxf6 19. c4 Rb8 20. Nc2 Qc8 21. Na3
Qf5+ 22. Qd3 Qxf3 23. Rhf1 Qg4 24. c5 dxc5 25. Bxc5 Rfd8 26. Rg1 Qf4 27. Qh3
Qe4+ 28. Bd3 Nf4 29. Bxe4 Nxh3 30. d6 Nxg1 31. Rxg1 Kf7 32. Bxb6 Rxb6 33. Nc4
Rb4 34. Rd1 Rc8 35. Bd5+ Kf8 36. Rc1 Rc5 37. a3 Rb3 38. Be6 Rd3 39. d7 Ke7 40.
Bf5 Rd4 41. Nb6 Rxc1+ 42. Kxc1 e4 43. Nc8+ Kf7 0-1

[Event "GBR-ch71"]
[Site "Brighton"]
[Date "1984.08.09"]
[Round "10"]
[White "Hasan, Younus"]
[Black "Thomas, Nicholas A"]
[Result "0-1"]
[WhiteElo "2290"]
[BlackElo "2040"]
[PlyCount "53"]
[EventDate "1984.07.30"]
[EventType "swiss"]
[EventRounds "11"]
[EventCountry "GBR"]
[SourceTitle "BritBase"]
[Source "John Saunders"]
[SourceDate "2020.09.07"]
[SourceVersion "1"]
[SourceVersionDate "2020.09.07"]
[SourceQuality "2"]

1. e4 e6 2. d4 d5 3. e5 c5 4. Nf3 Nc6 5. Bd3 cxd4 6. O-O Nge7 7. Bf4 Qb6 8. b3
Bd7 9. a3 Ng6 10. Bg3 Be7 11. b4 a6 12. Nbd2 f5 13. exf6 gxf6 14. Nb3 e5 15.
Bxg6+ hxg6 16. c3 Bg4 17. cxd4 e4 18. Qb1 Kf7 19. Nfd2 Nxd4 20. Nxd4 Qxd4 21.
Nb3 Qb6 22. Qc2 Bd6 23. Qd2 Bxg3 24. hxg3 Rh5 25. Nc5 Rah8 26. f3 exf3 27. Qd4
0-1

[Event "GBR-ch71"]
[Site "Brighton"]
[Date "1984.08.09"]
[Round "10"]
[White "Hawkes, Robert"]
[Black "Shaw, Robert"]
[Result "1/2-1/2"]
[WhiteElo "2365"]
[BlackElo "2050"]
[PlyCount "56"]
[EventDate "1984.07.30"]
[EventType "swiss"]
[EventRounds "11"]
[EventCountry "GBR"]
[SourceTitle "BritBase"]
[Source "John Saunders"]
[SourceDate "2020.09.07"]
[SourceVersion "1"]
[SourceVersionDate "2020.09.07"]
[SourceQuality "2"]

1. e4 e6 2. d3 d5 3. Nd2 b5 4. Ngf3 Bb7 5. c3 c5 6. Qb3 Qb6 7. a4 bxa4 8. Qxa4+
Bc6 9. Qc2 Nf6 10. Be2 Be7 11. O-O O-O 12. e5 Nfd7 13. b3 Bb7 14. Re1 Qc7 15.
Bd1 Nc6 16. d4 cxd4 17. cxd4 Qb6 18. Qd3 Nb4 19. Qe3 Rfc8 20. Ba3 Ba6 21. Bxb4
Bxb4 22. Qf4 Nf8 23. h4 Ng6 24. Qe3 h6 25. Be2 Bxe2 26. Qxe2 Bxd2 27. Qxd2 Qxb3
28. h5 Nf8 1/2-1/2

[Event "GBR-ch71"]
[Site "Brighton"]
[Date "1984.08.09"]
[Round "10"]
[White "Hawksworth, John C"]
[Black "Morrison, Graham"]
[Result "1/2-1/2"]
[WhiteElo "2340"]
[BlackElo "2335"]
[PlyCount "56"]
[EventDate "1984.07.30"]
[EventType "swiss"]
[EventRounds "11"]
[EventCountry "GBR"]
[SourceTitle "BritBase"]
[Source "John Saunders"]
[SourceDate "2020.09.07"]
[SourceVersion "1"]
[SourceVersionDate "2020.09.07"]
[SourceQuality "2"]

1. d4 Nf6 2. c4 e6 3. Nf3 d5 4. Nc3 Be7 5. Bg5 O-O 6. e3 h6 7. Bxf6 Bxf6 8. Qd2
Nc6 9. Rd1 g6 10. Qc2 Bg7 11. a3 Ne7 12. Be2 dxc4 13. Bxc4 Nd5 14. O-O Nxc3 15.
Qxc3 c5 16. Ne5 cxd4 17. exd4 Qd6 18. Rfe1 b5 19. Bxb5 Bb7 20. Bc4 Bd5 21. Bxd5
Qxd5 22. Qc5 Rfd8 23. Qxd5 Rxd5 24. Kf1 Kf8 25. Nc6 Rd6 26. Ne5 Rd5 27. Rd3
Rad8 28. Nc6 R8d7 1/2-1/2

[Event "GBR-ch71"]
[Site "Brighton"]
[Date "1984.08.09"]
[Round "10"]
[White "Hebden, Mark L"]
[Black "King, Daniel J"]
[Result "1-0"]
[WhiteElo "2480"]
[BlackElo "2435"]
[PlyCount "97"]
[EventDate "1984.07.30"]
[EventType "swiss"]
[EventRounds "11"]
[EventCountry "GBR"]
[SourceTitle "BritBase"]
[Source "John Saunders"]
[SourceDate "2020.09.07"]
[SourceVersion "1"]
[SourceVersionDate "2020.09.07"]
[SourceQuality "2"]

1. e4 c5 2. f4 d5 3. Nc3 dxe4 4. Nxe4 e6 5. Nf3 Nf6 6. Nf2 Nc6 7. b3 Bd6 8. Nd3
Nd5 9. g3 b6 10. Bb2 O-O 11. Bg2 Bb7 12. O-O Qc7 13. Ng5 Nd4 14. c4 Ne7 15.
Bxb7 Qxb7 16. Bxd4 cxd4 17. Qf3 Qxf3 18. Nxf3 Nc6 19. Rfe1 a5 20. a3 Rfd8 21.
Kf1 Rab8 22. Reb1 Ra8 23. Nfe1 f6 24. Nc2 e5 25. fxe5 fxe5 26. Re1 Rf8+ 27. Kg2
Rae8 28. Nf2 Bc7 29. d3 b5 30. cxb5 Ne7 31. Ne4 Nd5 32. a4 Bd8 33. Nd6 Re6 34.
Nc4 Rfe8 35. Rf1 Bf6 36. Rae1 Nc3 37. Nxa5 e4 38. Nc4 exd3 39. Rxe6 Rxe6 40.
Nb4 Re2+ 41. Rf2 Ne4 42. Rxe2 dxe2 43. Nd3 Nc5 44. Ncb2 Nxb3 45. Kf2 Na5 46.
Kxe2 Kf7 47. Nf4 Ke7 48. Kd3 Kd7 49. Nd5 1-0

[Event "GBR-ch71"]
[Site "Brighton"]
[Date "1984.08.09"]
[Round "10"]
[White "Howell, James C"]
[Black "Martin, Andrew D"]
[Result "1-0"]
[WhiteElo "2340"]
[BlackElo "2445"]
[PlyCount "83"]
[EventDate "1984.07.30"]
[EventType "swiss"]
[EventRounds "11"]
[EventCountry "GBR"]
[SourceTitle "BritBase"]
[Source "John Saunders"]
[SourceDate "2020.09.07"]
[SourceVersion "1"]
[SourceVersionDate "2020.09.07"]
[SourceQuality "2"]

1. e4 e5 2. Nf3 Nc6 3. Bc4 Bc5 4. c3 Nf6 5. d3 a6 6. O-O Ba7 7. Bb3 d6 8. Nbd2
O-O 9. Re1 Kh8 10. Nf1 Ng8 11. Ng3 Qe8 12. h3 Nce7 13. d4 f6 14. Nh4 Ng6 15.
Nhf5 N8e7 16. Nxg7 Kxg7 17. Nh5+ Kh8 18. Bh6 Rf7 19. Qf3 f5 20. Bxf7 Qxf7 21.
Bg7+ Kg8 22. dxe5 Nh4 23. Qd1 Qg6 24. g3 fxe4 25. Rxe4 Nhf5 26. Nf6+ Kxg7 27.
Rg4 dxe5 28. Ne8+ Kf7 29. Rxg6 hxg6 30. Nxc7 Rb8 31. Qb3+ Kg7 32. g4 Nh4 33.
Qb4 Kf7 34. Rd1 b5 35. Qb3+ Kg7 36. Ne8+ Kf8 37. Nf6 Bb6 38. Nd7+ Bxd7 39. Rxd7
Nf3+ 40. Kg2 Ng5 41. h4 Ne4 42. Qe6 {IM norm for Howell} 1-0

[Event "GBR-ch71"]
[Site "Brighton"]
[Date "1984.08.09"]
[Round "10"]
[White "Johansen, Darryl Keith"]
[Black "Fuller, Keith"]
[Result "1-0"]
[WhiteElo "2440"]
[BlackElo "2175"]
[PlyCount "55"]
[EventDate "1984.07.30"]
[EventType "swiss"]
[EventRounds "11"]
[EventCountry "GBR"]
[SourceTitle "BritBase"]
[Source "John Saunders"]
[SourceDate "2020.09.07"]
[SourceVersion "1"]
[SourceVersionDate "2020.09.07"]
[SourceQuality "2"]

1. c4 e5 2. Nc3 Bb4 3. Nf3 d6 4. Qa4+ Nc6 5. Nd5 Bc5 6. b4 Bb6 7. Nxb6 cxb6 8.
b5 Nce7 9. d3 Bg4 10. c5 Bxf3 11. cxd6 Qxd6 12. gxf3 Nh6 13. Ba3 Qe6 14. Qe4
O-O-O 15. f4 f6 16. fxe5 fxe5 17. Bg2 Nd5 18. O-O Nf7 19. f4 Rhe8 20. fxe5 Ng5
21. Qf5 Qxf5 22. Rxf5 h6 23. Rc1+ Kb8 24. Bd6+ Rxd6 25. exd6 Ne3 26. Re5 Rxe5
27. d7 Nh3+ 28. Bxh3 1-0

[Event "GBR-ch71"]
[Site "Brighton"]
[Date "1984.08.09"]
[Round "10"]
[White "Lane, Gary William"]
[Black "O'Hara, Michael J"]
[Result "1/2-1/2"]
[WhiteElo "2310"]
[BlackElo "2215"]
[PlyCount "46"]
[EventDate "1984.07.30"]
[EventType "swiss"]
[EventRounds "11"]
[EventCountry "GBR"]
[SourceTitle "BritBase"]
[Source "John Saunders"]
[SourceDate "2020.09.07"]
[SourceVersion "1"]
[SourceVersionDate "2020.09.07"]
[SourceQuality "2"]

1. e4 e5 2. Nf3 Nc6 3. Bc4 Bc5 4. c3 Nf6 5. d3 d6 6. O-O O-O 7. Bb3 h6 8. Nbd2
Be6 9. Re1 Re8 10. Nc4 b5 11. Ne3 Bxe3 12. Bxe3 d5 13. Bc2 dxe4 14. dxe4 Qxd1
15. Rexd1 Red8 16. Rxd8+ Rxd8 17. h3 a5 18. a4 b4 19. Nd2 Kf8 20. Kf1 Nh5 21.
cxb4 Nxb4 22. Rc1 Na2 23. Ra1 Nb4 1/2-1/2

[Event "GBR-ch71"]
[Site "Brighton"]
[Date "1984.08.09"]
[Round "10"]
[White "Lawton, Geoffrey W"]
[Black "Clarke, Thomas M"]
[Result "1-0"]
[WhiteElo "2385"]
[BlackElo "2080"]
[PlyCount "107"]
[EventDate "1984.07.30"]
[EventType "swiss"]
[EventRounds "11"]
[EventCountry "GBR"]
[SourceTitle "BritBase"]
[Source "John Saunders"]
[SourceDate "2020.09.07"]
[SourceVersion "1"]
[SourceVersionDate "2020.09.07"]
[SourceQuality "2"]

1. e4 e6 2. d4 d5 3. Nd2 Nf6 4. e5 Nfd7 5. f4 c5 6. c3 Nc6 7. Ndf3 Qa5 8. dxc5
Qxc5 9. Bd3 Be7 10. Ne2 Qb6 11. Ned4 Nc5 12. Bc2 f5 13. exf6 Bxf6 14. O-O Ne4
15. Re1 Nxd4 16. Nxd4 Bxd4+ 17. cxd4 Nf6 18. b3 O-O 19. Ba3 Rf7 20. Qd2 Bd7 21.
Re2 Nh5 22. g3 Nf6 23. Rae1 Re8 24. Bc5 Qc7 25. Qb4 b6 26. Bd6 Qc6 27. Be5 Ng4
28. Bd3 a5 29. Qd2 Rc8 30. h3 Nf6 31. Qe3 Qb7 32. Bxf6 Rxf6 33. h4 b5 34. Rc1
Rxc1+ 35. Qxc1 Qb6 36. Qc5 Qxc5 37. dxc5 h6 38. Kf2 g5 39. Ke3 gxf4+ 40. gxf4
Bc6 41. Rf2 Rf8 42. Kd4 Kf7 43. Rg2 b4 44. Rg6 Bb5 45. Bc2 h5 46. f5 Re8 47.
fxe6+ Rxe6 48. Rxe6 Kxe6 49. Bd1 Be8 50. Bf3 Bg6 51. Bxd5+ Ke7 52. Kc4 Be8 53.
Bf3 Ke6 54. c6 1-0

[Event "GBR-ch71"]
[Site "Brighton"]
[Date "1984.08.09"]
[Round "10"]
[White "Levitt, Jonathan"]
[Black "Kosten, Anthony C"]
[Result "0-1"]
[WhiteElo "2370"]
[BlackElo "2420"]
[PlyCount "80"]
[EventDate "1984.07.30"]
[EventType "swiss"]
[EventRounds "11"]
[EventCountry "GBR"]
[SourceTitle "BritBase"]
[Source "John Saunders"]
[SourceDate "2020.09.07"]
[SourceVersion "1"]
[SourceVersionDate "2020.09.07"]
[SourceQuality "2"]

1. e4 c5 2. Nf3 d6 3. d4 cxd4 4. Nxd4 Nf6 5. Nc3 a6 6. Be2 e5 7. Nb3 Be7 8. O-O
O-O 9. a4 Nc6 10. f4 exf4 11. Bxf4 Be6 12. Kh1 d5 13. exd5 Nxd5 14. Nxd5 Bxd5
15. c3 Be6 16. Qc2 Rc8 17. Rad1 Qb6 18. Na1 Na5 19. Bf3 Nc4 20. Rde1 Rfd8 21.
b3 Na5 22. c4 Nc6 23. Be4 h6 24. Be3 Bc5 25. Bxc5 Qxc5 26. Bxc6 Rxc6 27. Rd1
Rcd6 28. Rxd6 Qxd6 29. Qc3 b6 30. a5 bxa5 31. Qxa5 Bc8 32. Qh5 Rd7 33. Qe2 Bb7
34. Re1 Qc6 35. Rg1 Qe4 36. Qf2 Qd3 37. Rf1 Be4 38. Kg1 f5 39. Re1 Qc3 40. Qh4
Rd2 0-1

[Event "GBR-ch71"]
[Site "Brighton"]
[Date "1984.08.09"]
[Round "10"]
[White "Murshed, Niaz"]
[Black "Carr, Neil L"]
[Result "1-0"]
[WhiteElo "2405"]
[BlackElo "2310"]
[PlyCount "80"]
[EventDate "1984.07.30"]
[EventType "swiss"]
[EventRounds "11"]
[EventCountry "GBR"]
[SourceTitle "BritBase"]
[Source "John Saunders"]
[SourceDate "2020.09.07"]
[SourceVersion "1"]
[SourceVersionDate "2020.09.07"]
[SourceQuality "2"]

1. d4 g6 2. Nf3 Bg7 3. Nc3 Nf6 4. Bf4 d6 5. h3 c6 6. e4 O-O 7. Be2 Qc7 8. e5
dxe5 9. Nxe5 Qd8 10. Qd2 Nbd7 11. Ng4 Kh8 12. O-O-O Qa5 13. Bh6 Ng8 14. Bxg7+
Kxg7 15. h4 h5 16. Ne3 Ndf6 17. Rdg1 Nh6 18. f3 Nf5 19. g4 Nxe3 20. Qxe3 Qc7
21. Qe5 Qd6 22. Qg5 Rh8 23. Qd2 Be6 24. Ne4 Nxe4 25. fxe4 Bxg4 26. Bxg4 hxg4
27. Kb1 c5 28. d5 Qe5 29. Rxg4 Rad8 30. Qf2 Qd4 31. Qf3 Rd6 32. c3 Qe5 33. Rg5
Qf6 34. Qe3 Rdd8 35. e5 Qb6 36. e6 Rh6 37. h5 Rdh8 38. Rhg1 Rxh5 39. Qf3 Rxg5
40. Qxf7+ Kh6 1-0

[Event "GBR-ch71"]
[Site "Brighton"]
[Date "1984.08.09"]
[Round "10"]
[White "Prettejohn, Michael Hugh"]
[Black "Levene, Mark"]
[Result "1/2-1/2"]
[WhiteElo "2145"]
[BlackElo "2205"]
[PlyCount "58"]
[EventDate "1984.07.30"]
[EventType "swiss"]
[EventRounds "11"]
[EventCountry "GBR"]
[SourceTitle "BritBase"]
[Source "John Saunders"]
[SourceDate "2020.09.07"]
[SourceVersion "1"]
[SourceVersionDate "2020.09.07"]
[SourceQuality "2"]

1. e4 c5 2. Nf3 d6 3. Bb5+ Nd7 4. O-O Ngf6 5. Re1 a6 6. Bf1 g6 7. c3 Bg7 8. d4
O-O 9. e5 dxe5 10. dxe5 Ng4 11. Bf4 f6 12. exf6 exf6 13. Bd6 Re8 14. Rxe8+ Qxe8
15. Na3 Nde5 16. Bxc5 Nxf3+ 17. gxf3 Ne5 18. Nc4 Be6 19. Nxe5 fxe5 20. Qe2 Qc6
21. Qe3 Bd5 22. Rd1 b5 23. b3 Rc8 24. Bb4 Bxf3 25. Rd6 Qb7 26. Bh3 Re8 27. Rd7
Qc6 28. Rd6 Qb7 29. Rd7 Qc6 1/2-1/2

[Event "GBR-ch71"]
[Site "Brighton"]
[Date "1984.08.09"]
[Round "10"]
[White "Strauss, David J"]
[Black "Arkell, Keith C"]
[Result "1/2-1/2"]
[WhiteElo "2425"]
[BlackElo "2345"]
[PlyCount "100"]
[EventDate "1984.07.30"]
[EventType "swiss"]
[EventRounds "11"]
[EventCountry "GBR"]
[SourceTitle "BritBase"]
[Source "John Saunders"]
[SourceDate "2020.09.07"]
[SourceVersion "1"]
[SourceVersionDate "2020.09.07"]
[SourceQuality "2"]

1. Nf3 Nf6 2. c4 e6 3. Nc3 b6 4. e4 Bb7 5. Bd3 Bb4 6. e5 Nh5 7. Be4 Bxe4 8.
Nxe4 f5 9. Ng3 Nf4 10. O-O Be7 11. d4 Ng6 12. Re1 O-O 13. Qe2 a5 14. Bd2 Na6
15. Rad1 c6 16. d5 f4 17. Ne4 cxd5 18. cxd5 exd5 19. Nc3 Nc7 20. Nxd5 Bc5 21.
Nxc7 Qxc7 22. Bc3 Qc6 23. h4 Qe6 24. Qd3 Ra7 25. Bd4 Be7 26. h5 Nh4 27. Nxh4
Bxh4 28. Qf3 Rc7 29. Rc1 Rxc1 30. Rxc1 Be7 31. Rc7 Bc5 32. Bxc5 bxc5 33. Rxc5
Qxa2 34. b3 a4 35. Qd5+ Kh8 36. Qf7 Ra8 37. Ra5 Rb8 38. Rxa4 Qe2 39. Rxf4 h6
40. Rf5 Qd1+ 41. Kh2 Ra8 42. Qg6 Qd4 43. g3 Rb8 44. Qf7 Qd3 45. b4 Ra8 46. b5
Qd1 47. Qc4 Qb1 48. Qd5 Qxf5 49. Qxa8+ Kh7 50. b6 Qxf2+ {2nd IM norm in 1984
for Arkell} 1/2-1/2

[Event "GBR-ch71"]
[Site "Brighton"]
[Date "1984.08.09"]
[Round "10"]
[White "Waddingham, Graham A"]
[Black "Needham, Teresa"]
[Result "1-0"]
[WhiteElo "2215"]
[BlackElo "2075"]
[PlyCount "108"]
[EventDate "1984.07.30"]
[EventType "swiss"]
[EventRounds "11"]
[EventCountry "GBR"]
[SourceTitle "BritBase"]
[Source "John Saunders"]
[SourceDate "2020.09.07"]
[SourceVersion "1"]
[SourceVersionDate "2020.09.07"]
[SourceQuality "2"]

1. e4 c5 2. Nc3 Nc6 3. d3 e6 4. g3 Nf6 5. Bg2 Be7 6. Nge2 O-O 7. O-O a6 8. Nf4
Qc7 9. Re1 Rb8 10. b3 d6 11. Bb2 Nd4 12. Rc1 b5 13. Nb1 e5 14. Nh5 Ng4 15. h3
Nf6 16. Nxf6+ Bxf6 17. c3 Ne6 18. Rc2 Qe7 19. Nd2 Ng5 20. Kh2 Qd7 21. h4 Ne6
22. Nf1 g6 23. Ne3 Bg7 24. Bh3 Qd8 25. Rf1 Nc7 26. Bxc8 Rxc8 27. d4 exd4 28.
cxd4 Ne6 29. dxc5 Bxb2 30. Rxb2 dxc5 31. Rd2 Nd4 32. Nd5 f5 33. f3 a5 34. Nf4
Qf6 35. exf5 Nxf5 36. Nd5 Qd6 37. Nf4 Nd4 38. Ne2 Rcd8 39. Nxd4 cxd4 40. f4 Rf5
41. Rf3 Rd5 42. Rfd3 Kg7 43. Qf3 Rd7 44. Kg2 b4 45. Re2 h5 46. Qe4 Rc7 47. Kh2
Rc3 48. Qe8 Kf6 49. Qh8+ Kf5 50. Rxc3 dxc3 51. Kh3 Rc5 52. Qe8 Rc7 53. Qh8 Rc5
54. Qg7 Qc7 1-0

[Event "GBR-ch71"]
[Site "Brighton"]
[Date "1984.08.09"]
[Round "10"]
[White "Watts, David"]
[Black "McNab, Colin Anderson"]
[Result "1/2-1/2"]
[WhiteElo "2240"]
[BlackElo "2370"]
[PlyCount "100"]
[EventDate "1984.07.30"]
[EventType "swiss"]
[EventRounds "11"]
[EventCountry "GBR"]
[SourceTitle "BritBase"]
[Source "John Saunders"]
[SourceDate "2020.09.07"]
[SourceVersion "1"]
[SourceVersionDate "2020.09.07"]
[SourceQuality "2"]

1. e4 g6 2. d4 d6 3. Nf3 Nf6 4. Nc3 Bg7 5. Be2 O-O 6. O-O c6 7. Re1 Qc7 8. Bf4
Nh5 9. Bg5 e5 10. Qd2 b5 11. dxe5 dxe5 12. Rad1 Nf4 13. Bf1 Ne6 14. Be3 Rd8 15.
Qc1 Nd7 16. Ng5 Ndf8 17. Rxd8 Qxd8 18. Rd1 Qe7 19. Qd2 Bh6 20. Nf3 Bxe3 21.
Qxe3 f6 22. Qd2 Bd7 23. Qd6 Kf7 24. g3 Qxd6 25. Rxd6 Nc5 26. b4 Nb7 27. Rd3 a5
28. a3 axb4 29. axb4 Ra1 30. Rd1 Rxd1 31. Nxd1 Bg4 32. Be2 Bxf3 33. Bxf3 Nd6
34. c3 Ne6 35. Bg2 Ke7 36. f3 h5 37. Kf2 h4 38. Ke2 f5 39. exf5 Nxf5 40. Ne3
hxg3 41. Nxf5+ gxf5 42. hxg3 f4 43. g4 Ng5 44. Kd3 Nf7 45. c4 Nd6 46. cxb5 cxb5
47. Bf1 Kf6 48. Ke2 Kg5 49. Kf2 Nc4 50. Bd3 Nd6 1/2-1/2